Дело по ходатайству попечителя Харьковского учебного округа, чтобы о лицах, высылаемых в губернский город, под надзор полиции, к...

Доступно только в Электронных читальных залах Найти на картеНа карте
RUSMARC
00003821nmc2a22000003x 450
001ed077e6d-76da-4b20-98bc-7514c1595504
00520200207102830.0
100##$a20180604l18741874k l0rusy0189 ca
1010#$arus
102##$aRU
2001#$aДело по ходатайству попечителя Харьковского учебного округа, чтобы о лицах, высылаемых в губернский город, под надзор полиции, каждый раз негласно сообщаемо было начальству гимназии
$j25 марта - 4 мая 1874 г.
251##$cДело
300##$aДело
801#0$aRU
$bРГИА
$c20180604
$gRCR
801#1$aRU
$bГлавНИВЦ
$c20180604
$2rusmarc
801#2$aRU
$bПБ им. Б.Н. Ельцина
$c20200207
$gRCR
$2rusmarc
850##$aРГИА
852##$aРГИА
$eФедеральное казенное учреждение "Российский государственный исторический архив" (РГИА)
$j112
937##$hРГИА
$d12229653
$aASBIBLIO_SCAN
462#0$10014f623d04-db1c-458f-af33-83b1e1ca26e7
$12001
$aДела разряда средних учебных заведений Департамента народного просвещения за 1873-1882 годы
$1251
$cОпись
$1852
$j164
461#0$1001a74412a3-3cc5-4d21-8f0a-dfe2fbd9e72d
$12001
$aДепартамент народного просвещения Министерства народного просвещения (1803-1917)
$1251
$cФонд
$1852
$j733
215##$a6 л.
$d36,5х26 см
371##$aДокумент не является опубликованным и широко распространяемым
105##$ay###
1222#$ad
035##$aed077e6d-76da-4b20-98bc-7514c1595504
856##$uhttp://readingroom.main.prlib.ru/item.aspx?id_node=n138774832&mode=full
Формат отображения